Current World Sports Champions - Statistics

General Stats
  • This quiz has been taken 66 times
  • The average score is 9 of 20
Answer Stats
Year Sport Country % Correct
2014 Football (soccer) Germany
92%
Argentina
78%
2011 Cricket India
76%
2011 Rugby Union New Zealand
71%
2014 Ice Hockey Russia
64%
2013 Table tennis China
63%
2013 Rugby League Australia
59%
New Zealand
58%
France
49%
2014 Field Hockey Australia
46%
Finland
44%
Sri Lanka
44%
Netherlands
36%
2013 Handball Spain
29%
Taiwan
24%
2013 Baseball Dominican Republic
22%
Denmark
19%
Canada
8%
Puerto Rico
8%
2014 Softball United States
7%
No matching quizzes found
Score Distribution
Percent of People with Each Score
Percentile by Number Answered
Your Score History
You have not taken this quiz